000
00280nam a2200109Ia 4500
008
230907s9999||||xx |||||||||||||| ||und||
082
_a
621.31244
_b
DYE
245
0
_a
Dye-Sensitized Solar Cells /
260
_a
EPFL Press,
_b
Switzerland :
_c
2010
300
_a
Unpaged :
942
_c
BK
999
_c
600723
_d
600723